000 00626nam a22002417a 4500
003 UA-OsUOA
001 29897
007 ta
008 20041101b un ||||| |||| 00| 0 ukr d
100 _aПащенко В.І.
090 _a82.09
_bП22
942 _cBK
040 _aUA-OsUOA
_bukr
_cUA-OsUOA
_dUA-OsUOA
245 _aАнрі Барбюс.
_bжиття і творчість
300 _a216 с.
955 _a4
041 _aukr
080 _a82.09
260 _aКиїв
_bДніпро
_c1980
044 _aUA
650 7 _a82 Література. Літературознавство
_2UDC
999 _c316296
_d316296